[Event "EU-ch Seniors 50 16th"]
[Site "Yerevan"]
[Date "2016.06.13"]
[Round "9"]
[White "Khachatrian, Garik"]
[Black "Akopov, Roman A"]
[Result "0-1"]
[WhiteElo "2101"]
[BlackElo "2256"]
[PlyCount "56"]
[EventDate "2016.06.05"]
[EventType "swiss"]
[EventRounds "9"]
[EventCountry "ARM"]
[SourceTitle "CBM 172 Extra"]
[Source "ChessBase"]
[SourceDate "2016.06.21"]
[SourceVersion "1"]
[SourceVersionDate "2016.06.21"]
[SourceQuality "1"]

1. c4 e6 2. Nf3 d5 3. d4 c6 4. Qc2 dxc4 5. Qxc4 b5 6. Qc2 Bb7 7. Bf4 Nd7 8. e3 a6 9. a4 Qb6 10. Nbd2 Rc8 11. Qb3 Ngf6 12. Be2 Nd5 13. Bg3 Nb4 14. 0-0 c5 15. axb5 axb5 16. dxc5 Bxc5 17. Rfc1 0-0 18. Qd1 Nd5 19. Nb3 Be7 20. Nbd4 b4 21. Nd2 Nc5 22. Nc4 Qd8 23. Bf3 Nb6 24. Na5 Bxf3 25. Qxf3 Qd7 26. Nac6 Nca4 27. b3 Nc5 28. Ra6 Nxa6 0-1

[Event "EU-ch Seniors 50 16th"]
[Site "Yerevan"]
[Date "2016.06.11"]
[Round "7"]
[White "Smolin, Sergey"]
[Black "Khachatrian, Garik"]
[Result "0-1"]
[WhiteElo "2261"]
[BlackElo "2101"]
[PlyCount "88"]
[EventDate "2016.06.05"]
[EventType "swiss"]
[EventRounds "9"]
[EventCountry "ARM"]
[SourceTitle "CBM 172 Extra"]
[Source "ChessBase"]
[SourceDate "2016.06.21"]
[SourceVersion "1"]
[SourceVersionDate "2016.06.21"]
[SourceQuality "1"]

1. e4 c6 2. d4 d5 3. exd5 cxd5 4. c3 Nf6 5. Bf4 Nc6 6. Nd2 Bf5 7. Qb3 Qc8 8. Ngf3 e6 9. h3 h6 10. Be2 Be7 11. 0-0 0-0 12. g4 Bh7 13. Ne5 Nxe5 14. dxe5 Nd7 15. Nf3 Qc7 16. Bg3 Nc5 17. Qd1 Ne4 18. Bh2 Qb6 19. Qb3 Qc7 20. Qd1 Ng5 21. Nxg5 hxg5 22. Bd3 Bxd3 23. Qxd3 Rac8 24. f4 gxf4 25. Bxf4 Qb6+ 26. Be3 Qxb2 27. Bd4 Qa3 28. Rfb1 b6 29. Rb3 Qa4 30. Qb5 Rc4 31. Qxa4 Rxa4 32. Rb2 Rc8 33. Rf1 Bc5 34. Rd2 Rc4 35. Kg2 b5 36. Rd3 a5 37. Kf3 Bxd4 38. cxd4 Rc2 39. a3 R8c3 40. Rfd1 g5 41. Ke3 Rxd3+ 42. Kxd3 Ra2 43. Rc1 Rxa3+ 44. Ke2 Rxh3 0-1

[Event "EU-ch Seniors 50 16th"]
[Site "Yerevan"]
[Date "2016.06.08"]
[Round "4"]
[White "Khachatrian, Garik"]
[Black "Skou, Niels"]
[Result "1-0"]
[WhiteElo "2101"]
[BlackElo "2012"]
[PlyCount "73"]
[EventDate "2016.06.05"]
[EventType "swiss"]
[EventRounds "9"]
[EventCountry "ARM"]
[SourceTitle "CBM 172 Extra"]
[Source "ChessBase"]
[SourceDate "2016.06.21"]
[SourceVersion "1"]
[SourceVersionDate "2016.06.21"]
[SourceQuality "1"]

1. Nf3 Nf6 2. c4 e6 3. Nc3 d5 4. cxd5 exd5 5. d4 c6 6. Qc2 Be7 7. Bg5 0-0 8. e3 Nbd7 9. Bd3 Re8 10. 0-0 Nf8 11. a3 Ne4 12. Bxe7 Qxe7 13. b4 Nxc3 14. Qxc3 a6 15. a4 Ng6 16. Rfe1 Bg4 17. Be2 h5 18. Rab1 Bxf3 19. Bxf3 Nh4 20. Be2 Qg5 21. g3 Nf5 22. Bf3 Rad8 23. b5 axb5 24. axb5 Re6 25. bxc6 bxc6 26. Rb6 h4 27. Bg2 Rdd6 28. Rb8+ Kh7 29. Rf8 hxg3 30. hxg3 Qh5 31. Qd3 Rh6 32. e4 dxe4 33. Rxe4 Qh2+ 34. Kf1 Rdf6 35. Ree8 Qh5 36. f3 Rd6 37. g4 1-0